Proceedings of the 15th plantation crops symposium PLACROSYM XV, 10-13 December 2002, Mysore (Record no. 44257)

MARC details
000 -LEADER
fixed length control field 00358nam a2200109Ia 4500
082 ## - DEWEY DECIMAL CLASSIFICATION NUMBER
Item number PLA.15;1
100 ## - MAIN ENTRY--AUTHOR NAME
Personal name Sreedharan, K
245 #0 - TITLE STATEMENT
Title Proceedings of the 15th plantation crops symposium PLACROSYM XV, 10-13 December 2002, Mysore
260 ## - PUBLICATION, DISTRIBUTION, ETC. (IMPRINT)
Place of publication Karnataka
Name of publisher Central Coffee Research Institute
Year of publication 2002
942 ## - ADDED ENTRY ELEMENTS (KOHA)
Koha item type Books
Holdings
Withdrawn status Lost status Damaged status Not for loan Home library Current library Date acquired Source of acquisition Full call number Accession Number Koha item type
        RRII Library RRII Library 16/12/2021 Gift PLA.15;1 G01004 Books